000 00366nam a22001457a 4500
999 _c197291
_d197291
008 230821b ||||| |||| 00| 0 eng d
082 _aN-GOL
100 _aGolding's, Wiliam
245 _aLord of the Flies
_hEnglish
260 _aDelhi
_bA.I.C.B.
_cRohini
270 _aA.I.C.B. Rohini, Delhi
300 _a12x13
490 _v1-5
942 _2ddc
_cBRLEN
_kN
_mGOL